The Indian businessman's guide to South America / (Record no. 134673)

MARC details
000 -LEADER
fixed length control field 00736nam a22002297a 4500
005 - DATE AND TIME OF LATEST TRANSACTION
control field 20170124110232.0
010 ## - LIBRARY OF CONGRESS CONTROL NUMBER
LC control number A-707142
020 ## - INTERNATIONAL STANDARD BOOK NUMBER
Terms of availability 00.00
International Standard Book Number 8172400535
035 ## - SYSTEM CONTROL NUMBER
System control number A-707142
037 ## - SOURCE OF ACQUISITION
Source of stock number/acquisition Cen Lib/Ret
040 ## - CATALOGING SOURCE
Original cataloging agency DPL
Language of cataloging EN
082 ## - DEWEY DECIMAL CLASSIFICATION NUMBER
Classification number 382
Item number BEH
100 ## - MAIN ENTRY--PERSONAL NAME
Personal name Behl, Ramesh
9 (RLIN) 8342
245 ## - TITLE STATEMENT
Title The Indian businessman's guide to South America /
Statement of responsibility, etc by Ramesh Behl [and] L.D.Mago
260 ## - PUBLICATION, DISTRIBUTION, ETC. (IMPRINT)
Place of publication, distribution, etc Delhi
Name of publisher, distributor, etc Global Business Press
Date of publication, distribution, etc 1994
270 ## - ADDRESS
Address 18-19, Dilshad Garden, G.T.Road
City Delhi
Postal code 110095
300 ## - PHYSICAL DESCRIPTION
Extent xiv,373p. :
Dimensions 23cm(Hb)
Other physical details ill.
650 ## - SUBJECT ADDED ENTRY--TOPICAL TERM
Topical term or geographic name as entry element Business enterprises
9 (RLIN) 112338
650 ## - SUBJECT ADDED ENTRY--TOPICAL TERM
Topical term or geographic name as entry element South America -- Commerce -- Directories.
9 (RLIN) 41372
700 ## - ADDED ENTRY--PERSONAL NAME
Personal name Mago, L.D.
9 (RLIN) 18813
942 ## - ADDED ENTRY ELEMENTS (KOHA)
Source of classification or shelving scheme Dewey Decimal Classification
Koha item type English Books
Classification part 382
Call number suffix BEH
Holdings
Withdrawn status Lost status Damaged status Not for loan Collection code Home library Current library Date acquired Source of acquisition Cost, normal purchase price Total Checkouts Full call number Barcode Date last seen Copy number Cost, replacement price Price effective from Koha item type
      Not For Loan Reference Central Library Central Library 30/07/2015 Cen Lib/Ret 0.00   382 BEH A-707142 30/07/2015 1 0.00 30/07/2015 English Books

© Delhi Public Library
Hit Counter
free hit counter